Music Quiz

Random Music or Album Quiz

3-Word Album Title Match-Up II Quiz Stats

 Plays Quiz Updated Jul 29, 2014

Support Sporcle.
Go Orange.
Score 0/20 Timer 05:00
0 Plays Today
% Correct
Highway
92.6%
Saturday
90%
The
86.7%
Magical
86.3%
Born
82.2%
Blonde
74.5%
Like
72%
The
68.4%
What's
60.3%
Feels
60.1%
% Correct
Off
55.5%
She's
50.8%
Up
49.6%
Come
47.2%
Meat
46.1%
Rocket
45.5%
The
45.1%
Falling
44.3%
Is
35%
Catch
26.9%

You're not logged in!

Compare scores with friends on all Sporcle quizzes.
OR
Log In

From the Vault

A-Z Keypad Blitz

by jmatt22397

Just play this game to find your blitz.
Remove Ads.
Support Sporcle.
Get the best of Sporcle when you Go Orange. This ad-free experience offers more features, more stats, and more fun while also helping to support Sporcle. Thank you for becoming a member.

Show Comments

Extras

Top Quizzes Today


Score Distribution

Your Account Isn't Verified!

In order to create a playlist on Sporcle, you need to verify the email address you used during registration. Go to your Sporcle Settings to finish the process.

Report this User

Report this user for behavior that violates our Community Guidelines.

Details: